00662nam a22002537a 4500003000500000005001700005008004100022010000900063011000900072035000900081040000900090082001700099100002200116245002700138260003300165300001100198490004900209500001100258650002200269650001600291650003100307700002100338830004900359CHAP20220329133359.0971013s1991 r 00010 d a5711 a6683 a5905 cCHAP a634.9751bG500aGiertych, Maciej. aGenetics of scots pine aAmsterdam :bElsevier,c1991 a280 p. aDevepment implant genetics and breedingv; 3 a59-10114aBosquesxEscocia.14aPináceas.14aPináceasxPropagación.0 aMatyás, Csaba.0 aDevepment implant genetics and breedingv; 3